[Event "España ch sub-18"]
[Site "Mondariz ESP"]
[Date "2005.09.27"]
[Round "1.2"]
[White "Hernandez Leon, Alberto"]
[Black "Alsina Leal, Daniel"]
[Result "0-1"]
[WhiteElo "2067"]
[BlackElo "2322"]
[PlyCount "68"]
[EventDate "2005.09.27"]
[EventType "swiss"]
[EventRounds "8"]
[EventCountry "ESP"]
[Source "lmi"]
[SourceDate "2005.10.03"]

1. e4 c5 2. Nf3 Nc6 3. d4 cxd4 4. Nxd4 Nf6 5. Nc3 e5 6. Ndb5 d6 7. a4 a6 8. Na3
Bg4 9. f3 Be6 10. Bc4 Be7 11. Bg5 O-O 12. Bxf6 Bxf6 13. Nd5 Bg5 14. O-O Rc8 15.
Kh1 Ne7 16. c3 Nxd5 17. Bxd5 Qb6 18. Rb1 Rc5 19. c4 Bxd5 20. exd5 Qb4 21. Qd3
b6 22. Qf5 h6 23. Qd7 Rd8 24. Qb7 Ra5 25. Qc7 Rxa4 26. f4 exf4 27. Rxf4 Rf8 28.
Rf3 Bf6 29. Rxf6 gxf6 30. Qd7 Rxa3 31. Qg4+ Kh8 32. Qf5 Re3 33. Qxf6+ Kg8 34.
Rf1 Re1 0-1

[Event "España ch sub-18"]
[Site "Mondariz ESP"]
[Date "2005.09.27"]
[Round "1.3"]
[White "Antoli Royo, Joaquin Miguel"]
[Black "Cabrera Trujillo, Jorge"]
[Result "0-1"]
[WhiteElo "2305"]
[BlackElo "2059"]
[PlyCount "76"]
[EventDate "2005.09.27"]
[EventType "swiss"]
[EventRounds "8"]
[EventCountry "ESP"]
[Source "lmi"]
[SourceDate "2005.10.03"]

1. e4 c5 2. Nf3 d6 3. d4 cxd4 4. Nxd4 Nf6 5. Nc3 g6 6. Be3 Bg7 7. f3 O-O 8. Qd2
Nc6 9. Bc4 Bd7 10. O-O-O Rb8 11. h4 Nxd4 12. Bxd4 b5 13. Bb3 a5 14. h5 a4 15.
Bxf6 exf6 16. Bd5 b4 17. hxg6 hxg6 18. Ne2 f5 19. Nd4 Qf6 20. g4 f4 21. g5 Qe5
22. Qh2 Rfc8 23. Qh7+ Kf8 24. Rh6 Qxg5 25. Rhh1 Qf6 26. Qh4 Qxh4 27. Rxh4 Ke7
28. Kb1 Rh8 29. Rxh8 Rxh8 30. Ne2 Be5 31. Nc1 Bb5 32. Nd3 Rh3 33. Nxb4 Rxf3 34.
c4 Bd7 35. Nd3 g5 36. c5 Bb5 37. cxd6+ Bxd6 38. Ne1 Rf1 0-1

[Event "España ch sub-18"]
[Site "Mondariz ESP"]
[Date "2005.09.27"]
[Round "1.5"]
[White "Oms Fuentes, Lluis"]
[Black "Martinez Perez, Jorge"]
[Result "1-0"]
[WhiteElo "2281"]
[BlackElo "2030"]
[PlyCount "63"]
[EventDate "2005.09.27"]
[EventType "swiss"]
[EventRounds "8"]
[EventCountry "ESP"]
[Source "lmi"]
[SourceDate "2005.10.03"]

1. Nc3 f5 2. d4 g6 3. h4 Nf6 4. h5 Bg7 5. hxg6 hxg6 6. Rxh8+ Bxh8 7. Bf4 d6 8.
Qd3 Be6 9. f3 Nbd7 10. e4 Nb6 11. O-O-O Qd7 12. d5 Bf7 13. g4 fxe4 14. fxe4
Qxg4 15. Nge2 Nfd7 16. Bh3 Qh4 17. Rh1 Qf6 18. a4 g5 19. Bg3 a6 20. b3 Bg7 21.
a5 Nc5 22. Qe3 Nbd7 23. b4 Bh6 24. Bf5 Na4 25. Rxh6 Qxh6 26. Nxa4 O-O-O 27. Qa7
e6 28. dxe6 Bxe6 29. Nd4 Bxf5 30. exf5 Qh1+ 31. Kb2 Qg2 32. Bxd6 1-0

[Event "España ch sub-18"]
[Site "Mondariz ESP"]
[Date "2005.09.27"]
[Round "1.6"]
[White "Garcia Rodriguez, Vanessa"]
[Black "Garrido Dominguez, Jesus"]
[Result "0-1"]
[WhiteElo "2028"]
[BlackElo "2273"]
[PlyCount "55"]
[EventDate "2005.09.27"]
[EventType "swiss"]
[EventRounds "8"]
[EventCountry "ESP"]
[Source "lmi"]
[SourceDate "2005.10.03"]

1. e4 e5 2. Nf3 Nc6 3. d4 exd4 4. Nxd4 Bb4+ 5. Nc3 Nf6 6. Nxc6 bxc6 7. Bd3 d5
8. exd5 O-O 9. O-O cxd5 10. Bg5 c6 11. Qf3 Be7 12. Bf4 Bg4 13. Qg3 Qd7 14. Be2
Bf5 15. Rac1 Qb7 16. b3 Ba3 17. Bd6 Bxc1 18. Bxf8 Bh6 19. Bc5 Bxc2 20. Bd3 Nh5
21. Qf3 Bxd3 22. Qxd3 Nf4 23. Qf3 Ne6 24. Bd6 Qd7 25. Ba3 Bg5 26. Rd1 Bf6 27.
Qd3 Nf4 28. Qf3 0-1

[Event "España ch sub-18"]
[Site "Mondariz ESP"]
[Date "2005.09.27"]
[Round "1.7"]
[White "Rodriguez Gonzalez, Ignacio"]
[Black "Gonzalez Berruga, Ana Isabel"]
[Result "1-0"]
[WhiteElo "2244"]
[BlackElo "2025"]
[PlyCount "63"]
[EventDate "2005.09.27"]
[EventType "swiss"]
[EventRounds "8"]
[EventCountry "ESP"]
[Source "lmi"]
[SourceDate "2005.10.03"]

1. Nf3 d5 2. g3 c5 3. Bg2 e6 4. O-O g6 5. d3 Bg7 6. Nbd2 Ne7 7. e4 O-O 8. Re1
Nbc6 9. e5 Qc7 10. Qe2 b5 11. h4 a5 12. Nf1 Ba6 13. h5 gxh5 14. Ng5 h6 15. Nh3
Qxe5 16. Qd1 Qf6 17. Qxh5 Nd4 18. Qd1 Ndf5 19. Nf4 Rac8 20. Nh2 Nc6 21. Nh5 Qd8
22. Qg4 Kh7 23. Nxg7 Rg8 24. Nxe6 fxe6 25. Qf4 Qf6 26. Bh3 Nce7 27. Ng4 Qg6 28.
c3 h5 29. Ne5 Qg7 30. Nf3 Ng6 31. Qg5 Qh6 32. Bxf5 1-0

[Event "España ch sub-18"]
[Site "Mondariz ESP"]
[Date "2005.09.27"]
[Round "1.8"]
[White "Ares Campo, Iria"]
[Black "Alonso Fernandez, Marcos"]
[Result "0-1"]
[WhiteElo "2020"]
[BlackElo "2214"]
[PlyCount "60"]
[EventDate "2005.09.27"]
[EventType "swiss"]
[EventRounds "8"]
[EventCountry "ESP"]
[Source "lmi"]
[SourceDate "2005.10.03"]

1. e4 c5 2. d3 Nc6 3. g3 g6 4. Bg2 Bg7 5. f4 d6 6. Nf3 e6 7. O-O Nge7 8. c3 O-O
9. Be3 b6 10. Bf2 Ba6 11. Re1 Rc8 12. g4 d5 13. e5 Qd7 14. Bh3 Rce8 15. Qe2 Kh8
16. Nbd2 Ng8 17. g5 Nge7 18. Nf1 Nf5 19. Bxf5 exf5 20. Qd2 Nd8 21. h4 h5 22. d4
Ne6 23. dxc5 bxc5 24. Rad1 Rb8 25. Bg3 Rfd8 26. Ne3 d4 27. cxd4 cxd4 28. Qa5
Qb7 29. Nf1 Qxf3 30. Qxa6 Rxb2 0-1

[Event "España ch sub-18"]
[Site "Mondariz ESP"]
[Date "2005.09.27"]
[Round "1.9"]
[White "Claros Egea, Christian"]
[Black "Riera Morilla, Elizabeth"]
[Result "1-0"]
[WhiteElo "2210"]
[BlackElo "2018"]
[PlyCount "69"]
[EventDate "2005.09.27"]
[EventType "swiss"]
[EventRounds "8"]
[EventCountry "ESP"]
[Source "lmi"]
[SourceDate "2005.10.03"]

1. e4 c5 2. Nf3 Nc6 3. Bb5 g6 4. Bxc6 bxc6 5. O-O Bg7 6. Re1 Nf6 7. d3 O-O 8.
Nc3 d5 9. e5 Ne8 10. Na4 Qa5 11. c4 Bg4 12. Bd2 Qc7 13. Qe2 f6 14. e6 Nd6 15.
Nxc5 Nf5 16. Nb3 Nh4 17. Qe3 Bxf3 18. gxf3 f5 19. f4 Bxb2 20. Rab1 Bf6 21. Ba5
Qd6 22. c5 d4 23. cxd6 dxe3 24. d7 Nf3+ 25. Kg2 Nxe1+ 26. Bxe1 Bh4 27. fxe3
Bxe1 28. Rxe1 Rab8 29. Rc1 Rb6 30. Nd4 Rb2+ 31. Rc2 Rxc2+ 32. Nxc2 c5 33. d4 c4
34. Kf3 Kg7 35. d5 1-0

[Event "España ch sub-18"]
[Site "Mondariz ESP"]
[Date "2005.09.27"]
[Round "1.10"]
[White "Romero Lopez, Marta"]
[Black "Chalmeta Ugas, Ramon"]
[Result "0-1"]
[WhiteElo "2013"]
[BlackElo "2191"]
[PlyCount "94"]
[EventDate "2005.09.27"]
[EventType "swiss"]
[EventRounds "8"]
[EventCountry "ESP"]
[Source "lmi"]
[SourceDate "2005.10.03"]

1. d4 Nf6 2. Nf3 g6 3. Nc3 d5 4. Bf4 Bg7 5. e3 c6 6. Be2 O-O 7. Ne5 Nbd7 8. h4
Ne4 9. Nxe4 dxe4 10. Nxd7 Bxd7 11. h5 Qa5+ 12. c3 Rad8 13. Qb3 e5 14. Bxe5 Bxe5
15. dxe5 Be6 16. Bc4 Bxc4 17. Qxc4 Qxe5 18. hxg6 hxg6 19. Qe2 Qe6 20. a3 Rd3
21. Rh4 Rfd8 22. Kf1 Qb3 23. Kg1 Rd2 24. Qg4 Qxb2 25. Rf1 Qxa3 26. c4 Re8 27.
Qf4 Qd6 28. Qh6 Qf6 29. Qh7+ Kf8 30. Qh6+ Qg7 31. Qg5 b6 32. Qg3 Qe5 33. Qh3
Kg8 34. Qg4 a5 35. Rd1 Rxd1+ 36. Qxd1 b5 37. cxb5 cxb5 38. Qd7 b4 39. Rf4 Qe6
40. Qb5 Ra8 41. Qb7 Re8 42. Qb5 b3 43. Qxa5 b2 44. Qb5 Qe5 45. Qb7 Re7 46. Qb3
Ra7 47. g3 b1=Q+ 0-1

[Event "España ch sub-18"]
[Site "Mondariz ESP"]
[Date "2005.09.27"]
[Round "1.11"]
[White "Zamarbide Inarrea, Borja"]
[Black "Iza Abete, Amaia"]
[Result "1-0"]
[WhiteElo "2180"]
[BlackElo "1992"]
[PlyCount "91"]
[EventDate "2005.09.27"]
[EventType "swiss"]
[EventRounds "8"]
[EventCountry "ESP"]
[Source "lmi"]
[SourceDate "2005.10.03"]

1. e4 e5 2. Nf3 Nc6 3. Bb5 a6 4. Bxc6 dxc6 5. O-O f6 6. d4 exd4 7. Nxd4 c5 8.
Nb3 Qxd1 9. Rxd1 Bg4 10. f3 Bd7 11. c4 Bd6 12. Be3 b6 13. Nc3 O-O-O 14. Nc1 Be5
15. N1e2 Ne7 16. h3 Be6 17. b3 f5 18. Bf4 Nc6 19. Bxe5 Nxe5 20. Nf4 Bd7 21. Rd5
Rhe8 22. Rad1 fxe4 23. Nxe4 Bf5 24. Nh5 Rxd5 25. Rxd5 Bxe4 26. fxe4 Nc6 27. Ng3
Nb4 28. Rd2 Rd8 29. Rxd8+ Kxd8 30. a3 Nc2 31. Kf2 Nxa3 32. Nf5 g6 33. Ne3 Nb1
34. Ke2 b5 35. Kd3 Kd7 36. Nd5 c6 37. Nf6+ Kd6 38. Nxh7 a5 39. h4 Ke7 40. Ng5
a4 41. Kc2 bxc4 42. bxa4 Na3+ 43. Kb2 Nb5 44. axb5 cxb5 45. Kc3 Kf6 46. Nf3 1-0

[Event "España ch sub-18"]
[Site "Mondariz ESP"]
[Date "2005.09.28"]
[Round "2.2"]
[White "Alsina Leal, Daniel"]
[Black "Pazos Porta, Antonio"]
[Result "1-0"]
[WhiteElo "2322"]
[BlackElo "2144"]
[PlyCount "77"]
[EventDate "2005.09.27"]
[EventType "swiss"]
[EventRounds "8"]
[EventCountry "ESP"]
[Source "lmi"]
[SourceDate "2005.10.03"]

1. e4 e6 2. d4 d5 3. Nc3 Nf6 4. Bg5 Bb4 5. e5 h6 6. Bd2 Bxc3 7. bxc3 Ne4 8. Qg4
g6 9. Bd3 Nxd2 10. Kxd2 c5 11. h4 Nc6 12. Nf3 Qa5 13. Qf4 cxd4 14. Nxd4 Nxd4
15. Qxd4 Bd7 16. Rab1 b6 17. Qb4 Qxb4 18. cxb4 b5 19. Kc3 Ke7 20. Kd4 a5 21. a3
axb4 22. axb4 Ra4 23. Rb3 f5 24. exf6+ Kxf6 25. f4 Rha8 26. g4 Ra1 27. g5+ Kg7
28. Rxa1 Rxa1 29. Rc3 Ra7 30. Ke5 hxg5 31. hxg5 Kf7 32. Kd6 Be8 33. Rc7+ Rxc7
34. Kxc7 e5 35. fxe5 Ke6 36. Kb6 Kxe5 37. Bxb5 Bf7 38. Kc5 Kf5 39. Bd7+ 1-0

[Event "España ch sub-18"]
[Site "Mondariz ESP"]
[Date "2005.09.28"]
[Round "2.3"]
[White "Pena Dieguez, Manuel"]
[Black "Perez Felipe, Marcos Adrian"]
[Result "1-0"]
[WhiteElo "2041"]
[BlackElo "2141"]
[PlyCount "95"]
[EventDate "2005.09.27"]
[EventType "swiss"]
[EventRounds "8"]
[EventCountry "ESP"]
[Source "lmi"]
[SourceDate "2005.10.03"]

1. e4 c5 2. Nf3 d6 3. d4 cxd4 4. Nxd4 Nf6 5. Nc3 a6 6. Be2 e6 7. O-O Be7 8. a4
Nc6 9. Be3 Qc7 10. f4 O-O 11. Kh1 Re8 12. Bf3 Rb8 13. g4 Nxd4 14. Bxd4 e5 15.
fxe5 dxe5 16. Ba7 Ra8 17. g5 Rd8 18. Qe2 Rxa7 19. gxf6 Bxf6 20. Nd5 Rxd5 21.
exd5 Bf5 22. Be4 Bg6 23. Bxg6 hxg6 24. c4 a5 25. Rac1 b6 26. c5 bxc5 27. Qf2 c4
28. Qe2 Rb7 29. Qxc4 Qxc4 30. Rxc4 Rxb2 31. Rd1 Kf8 32. Rc8+ Ke7 33. d6+ Kd7
34. Rc7+ Ke6 35. Rc8 Rb7 36. Ra8 Rd7 37. Rxa5 Rxd6 38. Rxd6+ Kxd6 39. Ra7 Kc6
40. Rxf7 g5 41. h3 Kb6 42. Kg2 Ka5 43. Ra7+ Kb6 44. Ra8 Kb7 45. Re8 Kb6 46. Kf3
Ka5 47. Ra8+ Kb6 48. Ke4 1-0

[Event "España ch sub-18"]
[Site "Mondariz ESP"]
[Date "2005.09.28"]
[Round "2.4"]
[White "Hidalgo Duque, Carlos"]
[Black "Oms Fuentes, Lluis"]
[Result "0-1"]
[WhiteElo "2127"]
[BlackElo "2281"]
[PlyCount "50"]
[EventDate "2005.09.27"]
[EventType "swiss"]
[EventRounds "8"]
[EventCountry "ESP"]
[Source "lmi"]
[SourceDate "2005.10.03"]

1. d4 d5 2. c4 e6 3. Nc3 c5 4. cxd5 cxd4 5. Qxd4 Nc6 6. Qd1 exd5 7. Qxd5 Bd7 8.
e3 Nf6 9. Qd1 Bc5 10. Nf3 Qe7 11. Be2 O-O-O 12. O-O g5 13. a3 g4 14. Nd4 Qe5
15. Ncb5 a6 16. Nxc6 Bxc6 17. Nd4 Bxd4 18. exd4 Rxd4 19. Qc2 Qd5 20. f3 Re8 21.
b4 Kb8 22. Rb1 Ba4 23. Qxa4 Rxe2 24. Rb2 gxf3 25. Rxe2 fxe2 0-1

[Event "España ch sub-18"]
[Site "Mondariz ESP"]
[Date "2005.09.28"]
[Round "2.5"]
[White "Garrido Dominguez, Jesus"]
[Black "Gimeno Higueras, Roberto"]
[Result "1-0"]
[WhiteElo "2273"]
[BlackElo "2116"]
[PlyCount "37"]
[EventDate "2005.09.27"]
[EventType "swiss"]
[EventRounds "8"]
[EventCountry "ESP"]
[Source "lmi"]
[SourceDate "2005.10.03"]

1. e4 c6 2. c4 d5 3. cxd5 cxd5 4. exd5 Nf6 5. Nc3 Nxd5 6. Bc4 Nxc3 7. Qf3 e6 8.
bxc3 Qc7 9. Bb3 Bd7 10. Ne2 Bc6 11. Qh3 Qe5 12. d4 Qe4 13. f3 Qd3 14. Bg5 Bb5
15. O-O Qg6 16. f4 Bd3 17. Rae1 Bd6 18. Nc1 Bxf1 19. Bxe6 1-0

[Event "España ch sub-18"]
[Site "Mondariz ESP"]
[Date "2005.09.28"]
[Round "2.6"]
[White "Ivanovitch Balsinde, Nicolas"]
[Black "Rodriguez Gonzalez, Ignacio"]
[Result "1/2-1/2"]
[WhiteElo "2117"]
[BlackElo "2244"]
[PlyCount "40"]
[EventDate "2005.09.27"]
[EventType "swiss"]
[EventRounds "8"]
[EventCountry "ESP"]
[Source "lmi"]
[SourceDate "2005.10.03"]

1. e4 e6 2. d4 d5 3. Nc3 Nf6 4. Bg5 Be7 5. e5 Nfd7 6. Bxe7 Qxe7 7. Qg4 g6 8.
Nf3 a6 9. h4 h5 10. Qf4 c5 11. dxc5 Nxc5 12. Bd3 Nc6 13. O-O Bd7 14. a3 Rc8 15.
Be2 b5 16. Rfc1 Rc7 17. Nd1 Bc8 18. b3 Qf8 19. Qe3 Qe7 20. Nb2 Bb7 1/2-1/2

[Event "España ch sub-18"]
[Site "Mondariz ESP"]
[Date "2005.09.28"]
[Round "2.7"]
[White "Alonso Fernandez, Marcos"]
[Black "Fidalgo Fernandez, Lucia"]
[Result "1-0"]
[WhiteElo "2214"]
[BlackElo "1904"]
[PlyCount "65"]
[EventDate "2005.09.27"]
[EventType "swiss"]
[EventRounds "8"]
[EventCountry "ESP"]
[Source "lmi"]
[SourceDate "2005.10.03"]

1. d4 Nf6 2. Nf3 c5 3. d5 d6 4. Nc3 g6 5. e4 Bg7 6. Bd3 O-O 7. O-O Na6 8. Nd2
Nc7 9. Qe2 Rb8 10. a4 a6 11. a5 Nd7 12. f4 b5 13. axb6 Nxb6 14. Nf3 Bd7 15. Qe1
Bb5 16. Nxb5 axb5 17. c3 c4 18. Bc2 e6 19. dxe6 Nxe6 20. f5 Nc5 21. Bg5 f6 22.
Bf4 g5 23. Bg3 Rb7 24. Rd1 Rd7 25. Nd4 Nc8 26. Nxb5 Qb6 27. Nd4 Qxb2 28. Rb1
Qa3 29. Ra1 Qb2 30. Qe3 Qb7 31. Rfb1 Qc7 32. Rb4 Nb6 33. Ne6 1-0

[Event "España ch sub-18"]
[Site "Mondariz ESP"]
[Date "2005.09.28"]
[Round "2.8"]
[White "Villuendas Valero, Adrian"]
[Black "Claros Egea, Christian"]
[Result "1/2-1/2"]
[WhiteElo "2109"]
[BlackElo "2210"]
[PlyCount "60"]
[EventDate "2005.09.27"]
[EventType "swiss"]
[EventRounds "8"]
[EventCountry "ESP"]
[Source "lmi"]
[SourceDate "2005.10.03"]

1. e4 c5 2. Nf3 d6 3. d4 cxd4 4. Nxd4 Nf6 5. Nc3 a6 6. Bc4 e6 7. Bb3 b5 8. Bg5
Be7 9. Qf3 Qc7 10. O-O-O O-O 11. e5 dxe5 12. Ndxb5 Qc6 13. Nd6 Qxf3 14. gxf3
Nc6 15. f4 h6 16. fxe5 Nxe5 17. Bf4 Bxd6 18. Rxd6 Ng6 19. Be3 Ne7 20. Bc5 Bb7
21. Rhd1 Nf5 22. Rxe6 fxe6 23. Bxe6+ Rf7 24. Bxf5 Bf3 25. Rg1 Kh8 26. Rg3 Bc6
27. Be6 Rb7 28. b4 Re8 29. Re3 Bd7 30. Bc4 Bb5 1/2-1/2

[Event "España ch sub-18"]
[Site "Mondariz ESP"]
[Date "2005.09.28"]
[Round "2.10"]
[White "Cabrera Trujillo, Jorge"]
[Black "Zamarbide Inarrea, Borja"]
[Result "1-0"]
[WhiteElo "2059"]
[BlackElo "2180"]
[PlyCount "43"]
[EventDate "2005.09.27"]
[EventType "swiss"]
[EventRounds "8"]
[EventCountry "ESP"]
[Source "lmi"]
[SourceDate "2005.10.03"]

1. e4 c5 2. Nf3 e6 3. d4 cxd4 4. Nxd4 a6 5. Be2 Nf6 6. Nc3 Bb4 7. Qd3 Qc7 8.
O-O Nc6 9. Kh1 Nxd4 10. Qxd4 Bc5 11. Qd3 b5 12. f4 d6 13. Bf3 Rb8 14. e5 Nd7
15. exd6 Qxd6 16. Qe2 Nf6 17. f5 O-O 18. Ne4 Nxe4 19. Bxe4 f6 20. fxe6 Qxe6 21.
Bf4 Bb7 22. Bxh7+ 1-0

[Event "España ch sub-18"]
[Site "Mondariz ESP"]
[Date "2005.09.28"]
[Round "2.11"]
[White "Rodriguez Fontecha, Marcos"]
[Black "Fidalgo Fernandez, Javier"]
[Result "1/2-1/2"]
[WhiteElo "2179"]
[BlackElo "2166"]
[PlyCount "34"]
[EventDate "2005.09.27"]
[EventType "swiss"]
[EventRounds "8"]
[EventCountry "ESP"]
[Source "lmi"]
[SourceDate "2005.10.03"]

1. e4 c5 2. Nf3 e6 3. d4 cxd4 4. Nxd4 Nc6 5. Nb5 d6 6. c4 a6 7. N5c3 Nf6 8. Be2
Be7 9. O-O Qc7 10. Be3 b6 11. Nd2 Bb7 12. Rc1 Nb8 13. f4 Nbd7 14. Bf3 Rc8 15.
Qe2 h6 16. Kh1 g5 17. g3 Rg8 1/2-1/2

[Event "España ch sub-18"]
[Site "Mondariz ESP"]
[Date "2005.09.28"]
[Round "3.2"]
[White "Oms Fuentes, Lluis"]
[Black "Alsina Leal, Daniel"]
[Result "1/2-1/2"]
[WhiteElo "2281"]
[BlackElo "2322"]
[PlyCount "27"]
[EventDate "2005.09.27"]
[EventType "swiss"]
[EventRounds "8"]
[EventCountry "ESP"]
[Source "lmi"]
[SourceDate "2005.10.03"]

1. Nc3 Nf6 2. e4 d5 3. exd5 Nxd5 4. Bc4 e6 5. Qf3 Nb6 6. Bb3 Bd7 7. Qg3 Bc6 8.
Nge2 Qd6 9. O-O N8d7 10. d4 Qxg3 11. hxg3 Nf6 12. Be3 O-O-O 13. Rad1 Be7 14.
Nf4 1/2-1/2

[Event "España ch sub-18"]
[Site "Mondariz ESP"]
[Date "2005.09.28"]
[Round "3.3"]
[White "Alonso Fernandez, Marcos"]
[Black "Pena Dieguez, Manuel"]
[Result "1/2-1/2"]
[WhiteElo "2214"]
[BlackElo "2041"]
[PlyCount "32"]
[EventDate "2005.09.27"]
[EventType "swiss"]
[EventRounds "8"]
[EventCountry "ESP"]
[Source "lmi"]
[SourceDate "2005.10.03"]

1. d4 Nf6 2. Nf3 g6 3. c4 Bg7 4. Nc3 O-O 5. Bg5 c5 6. e3 d6 7. h3 Qa5 8. Qd2
Nbd7 9. Be2 a6 10. O-O Re8 11. a3 cxd4 12. exd4 e5 13. b4 Qc7 14. dxe5 dxe5 15.
Rac1 e4 16. Nd4 Nb6 1/2-1/2

[Event "España ch sub-18"]
[Site "Mondariz ESP"]
[Date "2005.09.28"]
[Round "3.4"]
[White "Rodriguez Gonzalez, Ignacio"]
[Black "Cabrera Trujillo, Jorge"]
[Result "1/2-1/2"]
[WhiteElo "2244"]
[BlackElo "2059"]
[PlyCount "64"]
[EventDate "2005.09.27"]
[EventType "swiss"]
[EventRounds "8"]
[EventCountry "ESP"]
[Source "lmi"]
[SourceDate "2005.10.03"]

1. e4 c5 2. Nf3 d6 3. d4 cxd4 4. Nxd4 Nf6 5. Nc3 g6 6. Be3 Bg7 7. f3 O-O 8. Qd2
Nc6 9. Bc4 Bd7 10. O-O-O Qa5 11. Bb3 Rfc8 12. Kb1 Ne5 13. h4 Nc4 14. Bxc4 Rxc4
15. Nb3 Qc7 16. h5 Rxc3 17. bxc3 Nxh5 18. Bd4 a5 19. Rxh5 gxh5 20. Bxg7 Kxg7
21. Qg5+ Kh8 22. Qxe7 Rc8 23. Qf6+ Kg8 24. Rd5 Qxc3 25. Qxc3 Rxc3 26. Nxa5 h4
27. Rxd6 Be6 28. Nxb7 h3 29. gxh3 Rxf3 30. a4 Rxh3 31. a5 Ra3 32. a6 Bc4
1/2-1/2

[Event "España ch sub-18"]
[Site "Mondariz ESP"]
[Date "2005.09.28"]
[Round "3.5"]
[White "Claros Egea, Christian"]
[Black "Chalmeta Ugas, Ramon"]
[Result "1-0"]
[WhiteElo "2210"]
[BlackElo "2191"]
[PlyCount "87"]
[EventDate "2005.09.27"]
[EventType "swiss"]
[EventRounds "8"]
[EventCountry "ESP"]
[Source "lmi"]
[SourceDate "2005.10.03"]

1. e4 c5 2. Nf3 d6 3. d4 cxd4 4. Nxd4 Nf6 5. Nc3 g6 6. Be3 Bg7 7. f3 O-O 8. Qd2
Nc6 9. O-O-O d5 10. exd5 Nxd5 11. Nxc6 bxc6 12. Bd4 Bxd4 13. Qxd4 Qb6 14. Nxd5
cxd5 15. Qxb6 axb6 16. a3 Bb7 17. Re1 e6 18. Re3 Rfd8 19. Bd3 Rd6 20. Rhe1 Kg7
21. Kb1 g5 22. h3 h6 23. c4 d4 24. R3e2 Rc8 25. b4 Ba6 26. b5 Bb7 27. Kb2 Rc7
28. Kb3 Bc8 29. Kb4 f6 30. a4 e5 31. a5 bxa5+ 32. Kxa5 Bb7 33. Kb4 Rd8 34. Ra1
Bc8 35. b6 Rb7 36. Ra7 Rdd7 37. Rxb7 Rxb7 38. c5 Kf7 39. Ba6 Rb8 40. Bxc8 Rxc8
41. b7 Rb8 42. c6 Ke7 43. Kc5 Kd8 44. Kd6 1-0

[Event "España ch sub-18"]
[Site "Mondariz ESP"]
[Date "2005.09.28"]
[Round "3.7"]
[White "Antoli Royo, Joaquin Miguel"]
[Black "Villuendas Valero, Adrian"]
[Result "1-0"]
[WhiteElo "2305"]
[BlackElo "2109"]
[PlyCount "37"]
[EventDate "2005.09.27"]
[EventType "swiss"]
[EventRounds "8"]
[EventCountry "ESP"]
[Source "lmi"]
[SourceDate "2005.10.03"]

1. e4 c5 2. Nf3 d6 3. d4 Nf6 4. Nc3 cxd4 5. Nxd4 a6 6. Qf3 g6 7. h3 Bg7 8. Be3
O-O 9. O-O-O Nbd7 10. g4 Ne5 11. Qg2 Bxg4 12. hxg4 Nexg4 13. Nd5 Rc8 14. Be2
Nxe3 15. Nxf6+ exf6 16. Qh3 h6 17. Qxe3 f5 18. exf5 Re8 19. Qf3 1-0

[Event "España ch sub-18"]
[Site "Mondariz ESP"]
[Date "2005.09.28"]
[Round "3.8"]
[White "Zamarbide Inarrea, Borja"]
[Black "Pascual Palomo, Lucia"]
[Result "1-0"]
[WhiteElo "2180"]
[BlackElo "2095"]
[PlyCount "69"]
[EventDate "2005.09.27"]
[EventType "swiss"]
[EventRounds "8"]
[EventCountry "ESP"]
[Source "lmi"]
[SourceDate "2005.10.03"]

1. e4 e6 2. d4 d5 3. Nc3 Bb4 4. e5 c5 5. Bd2 Ne7 6. f4 Nbc6 7. Nb5 Bxd2+ 8.
Qxd2 O-O 9. dxc5 b6 10. cxb6 Qxb6 11. O-O-O Rb8 12. c3 a5 13. Nf3 Ba6 14. Nbd4
a4 15. Bxa6 Qxa6 16. Qe2 Qa5 17. Rd2 a3 18. b4 Nxb4 19. cxb4 Rfc8+ 20. Kb1
Qxb4+ 21. Nb3 Rc3 22. Rc2 d4 23. Rxc3 dxc3 24. Rd1 Nd5 25. Rd4 Qb6 26. Rc4 h6
27. g3 Qb7 28. Nfd4 Qb6 29. Qe1 Qa6 30. Rxc3 Nxc3+ 31. Qxc3 Rc8 32. Qf3 Qc4 33.
g4 Qb4 34. Qe3 Qb7 35. Qf3 1-0

[Event "España ch sub-18"]
[Site "Mondariz ESP"]
[Date "2005.09.28"]
[Round "3.9"]
[White "Hernandez Leon, Alberto"]
[Black "Rodriguez Fontecha, Marcos"]
[Result "1/2-1/2"]
[WhiteElo "2067"]
[BlackElo "2179"]
[PlyCount "73"]
[EventDate "2005.09.27"]
[EventType "swiss"]
[EventRounds "8"]
[EventCountry "ESP"]
[Source "lmi"]
[SourceDate "2005.10.03"]

1. e4 e6 2. d4 d5 3. Nc3 Nf6 4. e5 Nfd7 5. f4 c5 6. Nf3 Nc6 7. Be3 cxd4 8. Nxd4
Bc5 9. Qd2 O-O 10. O-O-O a6 11. h4 Nxd4 12. Bxd4 b5 13. Rh3 b4 14. Na4 Bxd4 15.
Qxd4 Qa5 16. b3 Bb7 17. Kb1 Bc6 18. Nb2 Bb5 19. Nd3 Bxd3 20. Bxd3 Qc5 21. Qxc5
Nxc5 22. Re3 a5 23. g4 Rac8 24. Rf1 Nd7 25. Bb5 Nb6 26. Kb2 Rc5 27. Bd3 Nd7 28.
Rfe1 Rfc8 29. f5 Rc3 30. R1e2 Nc5 31. Bb5 Rxe3 32. Rxe3 Rc7 33. Bd3 Nd7 34. Bb5
Nb8 35. c3 Rc5 36. c4 Kf8 37. f6 1/2-1/2

[Event "España ch sub-18"]
[Site "Mondariz ESP"]
[Date "2005.09.28"]
[Round "3.11"]
[White "Ares Campo, Iria"]
[Black "Almeida Toledano, Daniel"]
[Result "0-1"]
[WhiteElo "2020"]
[BlackElo "2163"]
[PlyCount "68"]
[EventDate "2005.09.27"]
[EventType "swiss"]
[EventRounds "8"]
[EventCountry "ESP"]
[Source "lmi"]
[SourceDate "2005.10.03"]

1. e4 e6 2. d4 d5 3. Be3 dxe4 4. f3 e5 5. Nc3 exd4 6. Bxd4 Nc6 7. Bb5 Bd7 8.
fxe4 Nxd4 9. Qxd4 Bxb5 10. Nxb5 Qxd4 11. Nxd4 Nf6 12. O-O-O O-O-O 13. Ngf3 Nxe4
14. Ne5 Nd6 15. Rhf1 g6 16. c3 Bh6+ 17. Kc2 f5 18. Rde1 Rde8 19. Nd3 Nc4 20.
Rxe8+ Rxe8 21. Re1 Rxe1 22. Nxe1 Kd7 23. b3 Ne3+ 24. Kd3 c5 25. Ne2 Ng4 26. Nf3
Kd6 27. c4 Ne5+ 28. Nxe5 Kxe5 29. Nc3 g5 30. Nd5 g4 31. g3 Bg5 32. b4 cxb4 33.
Nxb4 Be7 34. Nd5 Bc5 0-1

[Event "España ch sub-18"]
[Site "Mondariz ESP"]
[Date "2005.09.28"]
[Round "3.12"]
[White "Pazos Porta, Antonio"]
[Black "Martinez Perez, Jorge"]
[Result "1-0"]
[WhiteElo "2144"]
[BlackElo "2030"]
[PlyCount "63"]
[EventDate "2005.09.27"]
[EventType "swiss"]
[EventRounds "8"]
[EventCountry "ESP"]
[Source "lmi"]
[SourceDate "2005.10.03"]

1. e4 d5 2. exd5 Qxd5 3. d4 Nf6 4. Nf3 Bg4 5. Be2 a6 6. O-O e6 7. Be3 Be7 8.
Nbd2 Nc6 9. c3 O-O 10. Bf4 Bd6 11. Bxd6 cxd6 12. Qb3 Ne7 13. Nc4 b5 14. Ne3 Qe4
15. Nxg4 Nxg4 16. Rfe1 Qf4 17. Bd3 d5 18. a4 Rab8 19. axb5 axb5 20. Qc2 h6 21.
h3 Nf6 22. Ne5 Rb7 23. Re3 b4 24. g3 Qg5 25. cxb4 Rc8 26. Qa4 Nf5 27. f4 Qh5
28. g4 Qh4 29. gxf5 Qxf4 30. Rae1 Qxd4 31. fxe6 fxe6 32. Qa6 1-0